000 00444nam a2200181Ia 4500
001 403
005 20260306140515.0
008 260306t2012||||xx |||||||||||||| ||spa||
041 _aESP
082 _a110
_bK21F 2012
100 _aKant, Immanuel
_eAUT
245 0 _aFundamentación para una metafísica de las costumbres
260 _c2012
300 _a248 páginas :
_c19 cm.
650 _aGEN
654 _aCHU
942 _cLIB
_dJUS
_fJUS
_2ddc
_n
999 _c403
_d403